|
|
|
|
| LEADER |
00000ckm a2200000 a 4500 |
| 001 |
vtls001210931 |
| 003 |
SK-MaSNL |
| 005 |
20260331203645.0 |
| 007 |
kf co |
| 008 |
230706s1991 xo g 0kuslo |
| 015 |
|
|
|a SNBG1991
|
| 035 |
|
|
|a SNK000154005
|
| 035 |
|
|
|a urn:nbn:sk:snk-km3lwgc
|
| 035 |
|
|
|a 1B42BCB8-AC3C-482D-9E92-5102140DCD68
|
| 035 |
|
|
|a urn:nbn:sk:snk-km00dr89
|
| 040 |
|
|
|a SNK
|b slo
|c SNK
|e AACR2
|
| 041 |
0 |
|
|a slo
|
| 043 |
|
|
|a e-xo---
|
| 044 |
|
|
|a xo
|c SK
|
| 072 |
|
7 |
|a 913
|x Regionálna geografia
|2 konspekt
|
| 080 |
|
|
|a 913(437.6)
|2 2011
|
| 080 |
|
|
|a (084.121)
|2 2011
|
| 080 |
|
|
|a 725.1:613.47-026.651
|2 2011
|
| 080 |
|
|
|a 640.41/.42
|2 2011
|
| 080 |
|
|
|a 629.97
|2 2011
|
| 100 |
1 |
|
|a Zemiar, Bohuslav,
|d 1952-
|4 pht
|9 47876
|
| 245 |
1 |
0 |
|a Štúrovo
|h grafika
|c foto: B. Zemiar, I. Ondrejkovič ; grafický návrh: Ľ. Rázusová
|
| 246 |
1 |
|
|i Názov na obrazovej časti:
|a Štúrovo
|
| 260 |
|
|
|a Bratislava
|b ČSTK-Pressfoto
|c 1991
|e Skalica
|f Grafobal
|
| 300 |
|
|
|a 1 pohľadnica (4 čiastkové pohľady)
|b farebná
|c 11 x 15 cm
|
| 520 |
8 |
|
|a Zobrazenie: Na striebornom podklade v bielohnedom orámovaní pohľady na návštevníkov termálneho kúpaliska, loď cez Dunaj, budovu Ostrihomskej baziliky, rôzne ubytovacie zariadenia
|
| 650 |
0 |
7 |
|a termálne kúpaliská
|2 SNKPH
|9 4389
|
| 650 |
0 |
7 |
|a ubytovacie zariadenia
|2 SNKPH
|9 70233
|
| 650 |
0 |
7 |
|a lode
|2 SNKPH
|9 28713
|
| 651 |
|
7 |
|a Štúrovo (Slovensko)
|2 SNKPHgeo
|9 27957
|
| 655 |
|
7 |
|a miestne pohľadnice
|2 SNKPH
|9 70510
|
| 700 |
1 |
|
|a Ondrejkovič, Ivan,
|d 1935-1998
|4 pht
|9 7599
|
| 700 |
1 |
|
|a Rázusová, Ľ.
|c (grafička)
|4 art
|9 283310
|
| 852 |
|
|
|a Slovenská národná knižnica
|
| 958 |
|
|
|a GBN
|
| 958 |
|
|
|a TL
|
| 958 |
|
|
|a GC
|
| 958 |
|
|
|a OND
|
| 999 |
|
|
|c 538256
|d 540186
|
| 952 |
|
|
|a SNK
|b SNK
|y PREZ
|7 0
|p 17A1297364
|o snkSP 146138
|i snk2647/91
|0 0
|1 0
|4 0
|d 2018-11-12
|f 1
|l 0
|r 2026-02-23 12:31:28
|w 2026-02-23
|
| 952 |
|
|
|a SNK
|b SNK
|y PREZ
|7 0
|p 17A1297375
|o snkSP 146138 D1
|i snk2648/91
|0 0
|1 0
|4 0
|d 2018-11-12
|l 0
|r 2026-02-23 12:31:28
|w 2026-02-23
|